| 000 | 00537nam a22002057a 4500 | ||
|---|---|---|---|
| 003 | OSt | ||
| 005 | 20140310182222.0 | ||
| 008 | 130909t xxu||||| |||| 00| 0 eng d | ||
| 020 | _a0061007137 | ||
| 050 |
_aPR 6051.R285 _b.Ar671 1986 |
||
| 082 |
_aFIC _bAr2m 1986 |
||
| 100 |
_aArcher, Jeffrey _917285 |
||
| 245 |
_aA matter of honor / _cJeffrey Archer. |
||
| 260 |
_aNew York : _bHarper Paperbacks, _cc1986. |
||
| 300 | 3 |
_a360 p. : _c17 cm. |
|
| 541 | _j1 | ||
| 562 | _e1 | ||
| 650 |
_aFiction _9746 |
||
| 942 |
_2lcc _cFIC |
||
| 999 |
_c10730 _d10730 |
||